عرض عادي
عرض مارك
- Leahy, William,
مدخل إسم شخص
001 - رقم الضبط
- حقل الضبط: 46112
003 - معرف رقم الضبط
- حقل الضبط: OSt
005 - تاريخ ووقت أخر عملية
- حقل الضبط: 20140708215643.0
008 - عناصر بيانات ثابتة الطول
- حقل تحكم ثابت الطول: 140708|||a|||||| | ||| d
040 ## - مصدر الفهرسة
- هيئة الفهرسة الأصلية: OSt
- وكالة الكتابة: OSt
100 ## - مدخل -- أسم شخص
- إسم شخص: Leahy, William,
- تواريخ مرتبطة بالاسم: 1948-
670 ## - بيانات المصدر موجوده
- الاستشهاد بالمصدر: Work cat.: (OSt)0: Ramachandran, Umakishore. 46111, Computer systems :, c2011.
